00405nam a2200157Ia 4500003000400000008004100004040001600045082001300061100001900074245004100093260004000134300001000174490002600184650001500210650002200225GCL140319s9999 xx 000 0 eng d aGCL / cGCL04a843bF P1 aFREUSTIE, JEAN10aPROCHE EST LA MER / cFREUSTIE, JEAN a[S.N] : bBERNARD GRASSET ، c1994 a257 P aLES CAHIERS ROUGESv004aLITERATURE04aFRENCH LITERATURE